| 000 | 00659nam a2200181Ia 4500 | ||
|---|---|---|---|
| 008 | 100920s9999 xx 000 0 und d | ||
| 082 |
_b5639 _a51 थ 57 |
||
| 100 | _aनित्सुरे य. गो. | ||
| 245 | _aमहाराष्ट्राचे सुपुत्र. | ||
| 260 |
_bव्हीनस प्रकाशन, पुणे. _c1957 |
||
| 300 |
_a104 _bसाधी |
||
| 365 | _b1.75 | ||
| 520 | _aचरित्र. | ||
| 630 | _aमहाराष्ट्राचे सुपुत्र. | ||
| 650 | _aचरित्र. | ||
| 730 | _aमहाराष्ट्राचे सुपुत्र. | ||
| 942 | _cBOOK | ||
| 999 |
_c674508 _d674505 |
||